Rómska zábava

Bibliographic Details
Main Author: (ľn) (Author)
Format: Article
Language:Slovak
Subjects:

MARC

LEADER 00000nab a2200000 a 4500
001 vtls001028729
003 SK-MaSNL
005 20260303040020.0
008 040720e20010301xo 0 slo
035 |a SL7283 
040 |a SLLK  |b slo  |c SLLK  |e AACR2 
041 0 |a slo 
044 |a xo  |c SK 
100 0 |a (ľn)  |4 aut  |9 973407 
245 1 0 |a Rómska zábava 
651 7 |a SL,  |2 SLLK  |9 1022390 
655 7 |a periodikum  |2 snkbucl  |9 29553 
773 0 8 |t Ľubovnianske noviny  |g Roč. 27, č.8, 1.3.2001, s. 1 
852 |a ZVYKNI  |b KIS3GCP 
999 |c 1679986  |d 1681916